Most common female names starting with N - Statistics

General Stats
  • This quiz has been taken 220 times
  • The average score is 25 of 100
Answer Stats
Hint Answer % Correct
62 Natali
91%
60 Nan
86%
3 Natalie
86%
5 Nora
83%
2 | 11 Nicole
81%
9 Nina
79%
10 Natalia
77%
49 Nell
77%
1 Nancy
73%
12 Nadia
66%
45 Nelly
61%
7 Natasha
57%
16 Nadine
56%
18 Nellie
55%
4 Naomi
53%
19 Nia
53%
61 Nicola
51%
6 Norma
50%
28 Noel
48%
29 Nola
48%
55 Nala
46%
13 Nova
45%
17 Norah
44%
54 Nicki
41%
34 Noa
40%
24 Nicolette
39%
14 Noelle
39%
40 Neva
37%
46 Nona
36%
25 Nataly
34%
15 Nikki
31%
67 Nila
30%
76 Nena
29%
93 Nichol
28%
53 Nanci
27%
71 Noah
27%
20 Nyla
25%
27 Nanette
24%
47 Niki
24%
23 Nathalie
23%
50 Naya
23%
26 Noreen
23%
59 Neveah
21%
94 Nickie
20%
22 Noemi
20%
70 Navy
19%
8 Nevaeh
19%
36 Nita
19%
44 Nathalia
18%
43 Nikole
17%
51 Nya
17%
39 Noor
16%
37 Nettie
15%
99 Nannie
13%
42 Natalya
13%
31 Nikita
13%
82 Nayla
12%
79 Nada
9%
52 Nicolle
9%
32 Natalee
8%
56 Nichelle
8%
38 Nathaly
7%
41 Noelia
7%
98 Nour
7%
86 Naila
6%
63 Nannette
6%
21 Nayeli
6%
91 Nisha
6%
64 Niya
6%
90 Novah
6%
72 Novalee
6%
89 Nicholas
5%
66 Naima
4%
88 Nakita
4%
81 Nariah
4%
30 Nylah
4%
35 Nakia
3%
69 Nedra
3%
97 Nidia
3%
58 Nyah
3%
78 Nydia
3%
48 Nalani
2%
100 Natashia
2%
96 Nayely
2%
68 Neha
2%
33 Nelda
2%
85 Neriah
2%
95 Nilda
2%
92 Niyah
2%
83 Nahla
1%
84 Natosha
1%
77 Nereida
1%
74 Nikia
1%
80 Noelani
1%
65 Nailah
0%
87 Nallely
0%
73 Nechama
0%
57 Nyasia
0%
75 Nyomi
0%
No matching quizzes found
Score Distribution
Percent of People with Each Score
Percentile by Number Answered
Your Score History
You have not taken this quiz